| 000 | 01588nam a2200373 c 4500 | ||
|---|---|---|---|
| 003 | BLK | ||
| 005 | 20241202144349.0 | ||
| 008 | 180412b bul|||||r ||||||| ||bul|| | ||
| 010 | _aKNG00004452000 | ||
| 020 |
_a954-01-0477-7 _bиздат.: Просвета |
||
| 040 | _aBLK | ||
| 041 |
_aBUL _cBUL |
||
| 080 |
_aОбща теория на възпитанието. Отделни направления _b37.013 _x _z37.013 |
||
| 080 |
_aРеформа на образователното дело. Училищна реформа _b37.014.3 _x _z37.014.3 |
||
| 080 |
_aДруги системи на възпитание _b371.49 _x.022 _z371.49.022 |
||
| 100 | 1 |
_aБижков, Георги Христов _eпърви автор _9247202 |
|
| 139 |
_aБижков, Георги Христов _bБ 44 |
||
| 245 | 1 | 0 |
_aРеформаторска педагогика _bИстория и съвременност _cГеорги Христов Бижков. |
| 257 | _aBGR | ||
| 260 |
_аСофия _bПросвета _c1994 |
||
| 300 |
_a280 с. _c21 см |
||
| 380 | _a3 | ||
| 500 | _a30 070 тир. | ||
| 650 | 4 |
_aПедагогика, реформаторска - теория и история _9247203 |
|
| 650 | 4 |
_aОбразование и просвета - преустройство и реформи _9247204 |
|
| 653 | _aпедагогика | ||
| 653 | _aобразование | ||
| 852 | _aЦб 179952 | ||
| 856 | 4 |
_qpdf _u |
|
| 856 | 4 |
_qpdf _u |
|
| 942 |
_cKNG _n0 _09 |
||
| 944 |
_aCR _c15.01.2003 _k30535 _lХристина Везирева |
||
| 944 |
_aED _c07.01.2013 _k |
||
| 999 |
_c3374 _d3374 |
||